000
00271nam a22001337a 4500
008
170807b xxu||||| |||| 00| 0 eng d
020
_a
c90-06829
041
_a
eng
080
_a
004
100
_a
34
101
_a
SHKI
245
_a
6425C
_c
MICROSOFT
942
_2
udc
_c
BK
999
_c
22811
_d
22811